|
|
|
|
| LEADER |
01953nam a2200481 i 4500 |
| 001 |
001572057 |
| 003 |
CZ BrMZK |
| 005 |
20170512153209.0 |
| 007 |
ta |
| 008 |
170413t20002000xr a e s 000 0 cze |
| 015 |
|
|
|a cnb001007397
|
| 020 |
|
|
|a 80-902266-6-3
|q (brožováno)
|
| 035 |
|
|
|a (OCoLC)50340732
|
| 040 |
|
|
|a ABA001
|b cze
|d BOA001
|e rda
|
| 043 |
|
|
|a e-xr---
|
| 045 |
|
|
|a x8y0
|
| 072 |
|
7 |
|a 616
|x Patologie. Klinická medicína
|2 Konspekt
|9 14
|
| 080 |
|
|
|a 616-006.04
|2 MRF
|
| 080 |
|
|
|a (437.3)
|2 MRF
|
| 080 |
|
|
|a (083.41)
|2 MRF
|
| 100 |
1 |
|
|a Geryk, Edvard,
|d 1951-
|7 mzk2004246427
|4 aut
|
| 245 |
1 |
0 |
|a Trendy počtů onkologicky nemocných v České republice /
|c Edvard Geryk, Věra Kolcová, Vladimír Žáček
|
| 250 |
|
|
|a První vydání
|
| 264 |
|
1 |
|a V Brně :
|b Občanské sdružení podpory zdraví a onkologické prevence,
|c [2000]
|
| 264 |
|
4 |
|c ©2000
|
| 300 |
|
|
|a 72 stran :
|b barevné ilustrace ;
|c 21 cm
|
| 336 |
|
|
|a text
|b txt
|2 rdacontent
|
| 337 |
|
|
|a bez média
|b n
|2 rdamedia
|
| 338 |
|
|
|a svazek
|b nc
|2 rdacarrier
|
| 500 |
|
|
|a Nad a pod názvem: Rada Národního onkologického registru ČR, Regionální centrum Národního onkologického registru, Masarykův onkologický ústav Brno
|
| 504 |
|
|
|a Obsahuje bibliografii
|
| 648 |
|
7 |
|a 20. století
|7 ch460558
|2 czenas
|
| 648 |
|
7 |
|a 1989-2001
|7 ch500573
|2 czenas
|
| 650 |
0 |
7 |
|a maligní nádorová onemocnění
|z Česko
|y 20. století
|7 ph170635
|2 czenas
|
| 655 |
|
7 |
|a statistiky
|7 fd133589
|2 czenas
|
| 700 |
1 |
|
|a Kolcová, Věra
|7 xx0121993
|4 aut
|
| 700 |
1 |
|
|a Žáček, Vladimír
|7 xx0117554
|4 aut
|
| 710 |
2 |
|
|a Národní onkologický registr České republiky.
|b Rada
|7 kn20020321279
|4 isb
|
| 710 |
2 |
|
|a Národní onkologický registr České republiky.
|b Regionální centrum
|7 kn20020321280
|4 isb
|
| 910 |
|
|
|a BOA001
|b 2-1388.123
|
| 990 |
|
|
|a BK
|
| 991 |
|
|
|b 201705
|
| 996 |
6 |
|
|b 2610706034
|c 2-1388.123
|l MZK
|r Sklad / do 1 hodiny
|n 1
|p dar
|w 001609842
|u 000010
|a 1
|e BOA001
|j MZK50
|s P
|